| 000 | 00691nam a2200253 a 4500 | ||
|---|---|---|---|
| 001 | nice12345678 | ||
| 003 | IN_TiNIC | ||
| 005 | 20260116012842.0 | ||
| 008 | 050524s1973 evaa grp 000 0 eng | ||
| 020 |
_a0810108 _c291.55 |
||
| 082 | 0 | 0 |
_a142.7 _bNAT |
| 100 | _aNatanson, Maurice | ||
| 245 | _aPhenomenology and the Social Sciences Vol.1 | ||
| 260 |
_aEvanston _bNorthwestern University Press _c1973 |
||
| 300 | _a464p | ||
| 500 | _aincludes index and biblioraphy | ||
| 505 | 2 | _aBibliography, Index | |
| 650 | _aPhilosophy-Phenomenology | ||
| 650 | _aPhenomenology-Social Sciences | ||
| 700 | 1 | _aNatanson, Maurice | |
| 902 | _bSRS | ||
| 942 | _cBK | ||
| 999 |
_c8646 _d8646 |
||